| 000 | 01406nam0a22002891 4500 | ||
|---|---|---|---|
| 001 | rc\3272434 | ||
| 005 | 20260405104152.0 | ||
| 021 |
_aRU _b[69-89014] |
||
| 035 | _a(NLR Aleph) 007488516 | ||
| 090 |
_a7592261 _c7592261 |
||
| 100 | _a20130115d1969 |||y0rusy50 ca | ||
| 101 | 0 | _arus | |
| 102 | _aRU | ||
| 105 | _aa z ||||| | ||
| 200 | 1 |
_aХимическая термодинамика в курсе общей химии _eМетод. пособие для студентов нехим. специальностей _fПод ред. д-ра хим. наук проф. Ю.Д. Третьякова _gМоск. гос. ун-т им. М.В. Ломоносова. Хим. фак. Кафедра общей химии |
|
| 210 |
_aМосква _cИзд-во Моск. ун-та _d1969 |
||
| 215 |
_a112 с. _cчерт. _d22 |
||
| 320 | _aБиблиогр.: с. 110-112 (24 назв.) | ||
| 606 |
_aТермодинамика химическая _2psbo |
||
| 700 | 1 |
_8rus _7ca _aЗайцев _bО. С. _cд-р пед. наук, канд. хим. наук _gОлег Серафимович _3RU\NLR\AUTH\7739708 _922692 |
|
| 702 | 1 |
_4340 _7ca _8rus _aТретьяков _bЮ. Д. _cд-р хим. наук _f1931-2012 _gЮрий Дмитриевич _9271194 _3RU\NLR\AUTH\770271250 |
|
| 801 | 0 |
_aRU _bNLR _gpsbo |
|
| 801 | 1 |
_aRU _bELAR _2rusmarc |
|
| 852 |
_aNLR _j69-5/5230 |
||
| 942 | _cBOOK | ||
| 980 | _aNB | ||